[Event "North American op 32nd"]
[Site "Las Vegas"]
[Date "2022.12.30"]
[Round "9"]
[White "Sampath, Vedanth"]
[Black "Karthik, J1."]
[Result "1-0"]
[WhiteElo "1781"]
[BlackElo "1972"]
[PlyCount "129"]
[EventDate "2022.12.26"]
[EventType "swiss"]
[EventRounds "9"]
[EventCountry "USA"]
[SourceTitle "CBM 211 Extra"]
[Source "ChessBase"]
[SourceDate "2023.01.31"]
[SourceVersion "1"]
[SourceVersionDate "2023.01.31"]
[SourceQuality "1"]

1. d4 Nf6 2. Nf3 g6 3. g3 Bg7 4. Bg2 0-0 5. 0-0 d5 6. c4 c6 7. b3 Ne4 8. Bb2 Nd7 9. Nfd2 f5 10. e3 Ndf6 11. f3 Ng5 12. Nc3 e6 13. Qe2 b6 14. a4 Bb7 15. a5 Qc7 16. a6 Bc8 17. Rfc1 Qd8 18. b4 Bd7 19. b5 Rc8 20. Ba3 Re8 21. c5 Bf8 22. Nb3 Rb8 23. cxb6 Qxb6 24. Bc5 Qc7 25. bxc6 Bxc6 26. Bxf8 Rxb3 27. Bc5 Nd7 28. Rab1 Reb8 29. Rxb3 Rxb3 30. Qa2 Nxc5 31. dxc5 Qb8 32. h4 Rb2 33. Rb1 Rxb1+ 34. Qxb1 Qxb1+ 35. Nxb1 Nf7 36. f4 Nd8 37. Na3 Bd7 38. Bf1 Kf8 39. Kf2 Ke7 40. Ke1 Nc6 41. Nb5 Bc8 42. Nd6 Kd8 43. Kd2 Nb8 44. Nxc8 Kxc8 45. Kc3 Nc6 46. h5 Kc7 47. hxg6 hxg6 48. Bb5 e5 49. fxe5 Nxe5 50. Kd4 Ng4 51. Be8 g5 52. Bg6 f4 53. exf4 gxf4 54. gxf4 Kc6 55. Be8+ Kc7 56. Bf7 Kd7 57. Bxd5 Nf6 58. f5 Ke7 59. Be6 Ne8 60. Ke5 Nc7 61. f6+ Kf8 62. Bc4 Ne8 63. f7 Nc7 64. Kd6 Na8 65. Kc6 1-0